Plane trigonometry.

Bibliographic Details
Main Author: Heineman, E. Richard (Ellis Richard)
Format: Book
Language:English
Published: New York : McGraw-Hill, 1956.
Edition:2d ed.
Subjects:

MARC

Tag First Indicator Second Indicator Subfields
LEADER 00000cam a2200000 4500
001 in00000329331
005 20151011051236.0
008 751022s1956 nyua 00000 eng d
010 |a  55012100  
035 |a (OCoLC)01724370 
035 |9 ABK7487AM 
040 |a DLC  |c JPL  |d TXA  |d UtOrBLW 
049 |a TXAM  |c [379547] 
050 0 |a QA533  |b .H47 1956 
100 1 |a Heineman, E. Richard  |q (Ellis Richard) 
245 1 0 |a Plane trigonometry. 
250 |a 2d ed. 
264 1 |a New York :  |b McGraw-Hill,  |c 1956. 
300 |a 167 pages :  |b illustrations ;  |c 24 cm. 
336 |a text  |b txt  |2 rdacontent 
337 |a unmediated  |b n  |2 rdamedia 
338 |a volume  |b nc  |2 rdacarrier 
500 |a Bound with the author's Logarithmic and trigonometric tables. New York, 1942. 
650 0 |a Plane trigonometry. 
999 |a MARS 
999 f f |s 43ee3b2c-6cb2-3ec8-a186-05b79a7f44a3  |i e3ed2eb5-6f3a-355a-99db-b83752749e32  |t 0 
952 f f |p normal  |a Texas A&M University  |b College Station  |c Sterling C. Evans Library  |d Evans: Library Stacks  |t 0  |e QA533 .H47 1956  |h Library of Congress classification  |i unmediated -- volume  |m A14804550062 
998 f f |a QA533 .H47 1956  |t 0  |l Evans: Library Stacks